[Event "EU-Cup 38th"]
[Site "Durres"]
[Date "2023.10.06"]
[Round "6.2"]
[White "Seo, Jung Min"]
[Black "Arnaudov, Petar G"]
[Result "1-0"]
[WhiteElo "2466"]
[BlackElo "2428"]
[PlyCount "163"]
[EventDate "2023.10.01"]
[EventType "team-swiss"]
[EventRounds "7"]
[EventCountry "ALB"]
[SourceTitle "EXT 2024"]
[Source "ChessBase"]
[SourceDate "2023.10.10"]
[SourceVersion "1"]
[SourceVersionDate "2023.10.10"]
[SourceQuality "1"]
[WhiteTeam "Umea Rockaden"]
[BlackTeam "Gambit Asseco See"]
[WhiteTeamCountry "SWE"]
[BlackTeamCountry "MKD"]

1. e4 e5 2. Nf3 Nc6 3. Bb5 a6 4. Ba4 Nf6 5. 0-0 b5 6. Bb3 Be7 7. Re1 d6 8. c3 0-0 9. h3 Nb8 10. d4 Nbd7 11. Nbd2 Bb7 12. Bc2 Re8 13. Nf1 Bf8 14. Ng3 g6 15. a4 Bg7 16. Bd3 exd4 17. cxd4 c5 18. axb5 axb5 19. Rxa8 Bxa8 20. dxc5 Nxc5 21. Bxb5 Rf8 22. Qc2 Ncxe4 23. Nxe4 Bxe4 24. Rxe4 Nxe4 25. Qxe4 Qc7 26. Be3 Bxb2 27. g3 Rc8 28. Kg2 Qc2 29. Qd5 Bc1 30. Bd4 Qf5 31. Qxf5 gxf5 32. Bd7 Rb8 33. Bxf5 Bb2 34. Be3 d5 35. h4 Kg7 36. h5 h6 37. Bd3 Bf6 38. Nd4 Bxd4 39. Bxd4+ f6 40. Kf3 Rb4 41. Ke3 Ra4 42. g4 Rb4 43. f3 Ra4 44. Bb5 Ra5 45. Bc6 Ra3+ 46. Ke2 Ra5 47. Kd3 Kf7 48. Bb6 Ra3+ 49. Kd4 Kg7 50. Bxd5 Ra1 51. Be4 Rd1+ 52. Ke3 Ra1 53. Kf4 Ra6 54. Be3 Ra5 55. Bd4 Ra4 56. Ke3 Ra3+ 57. Bd3 Ra8 58. Ke4 Ra3 59. Bb5 Rb3 60. Bc6 Rb4 61. Kd5 Kf7 62. Kc5 Rb1 63. Bd5+ Kg7 64. Be4 Rc1+ 65. Kd5 Rd1 66. Bf5 Rd2 67. Ke4 Rd1 68. Be6 Rb1 69. Bd5 Rb4 70. Bc6 Kf7 71. Kd5 Rb1 72. Kd6 Rd1 73. Bd5+ Kg7 74. Be3 Re1 75. Bf4 Ra1 76. Ke6 Ra6+ 77. Bd6 Rb6 78. Bc4 Rb1 79. Kd7 Rc1 80. Bd5 Rd1 81. Be4 Ra1 82. Ke8 1-0

[Event "FRM-chT 31st"]
[Site "Ohrid"]
[Date "2023.08.26"]
[Round "1.2"]
[White "Arnaudov, Petar G"]
[Black "Indjic, Aleksandar"]
[Result "0-1"]
[WhiteElo "2433"]
[BlackElo "2606"]
[PlyCount "88"]
[EventDate "2023.08.26"]
[EventType "team-tourn"]
[EventRounds "7"]
[EventCountry "MKD"]
[SourceTitle "EXT 2024"]
[Source "ChessBase"]
[SourceDate "2023.10.10"]
[SourceVersion "1"]
[SourceVersionDate "2023.10.10"]
[SourceQuality "1"]
[WhiteTeam "Skopje Gambit Asseko"]
[BlackTeam "Skopje Alkaloid"]
[WhiteTeamCountry "MKD"]
[BlackTeamCountry "MKD"]

1. d4 Nf6 2. Nf3 e6 3. Bg5 h6 4. Bxf6 Qxf6 5. e4 Nc6 6. c3 g5 7. Bb5 Ne7 8. Ne5 a6 9. Ng4 Qg7 10. Bd3 h5 11. Ne3 d6 12. a4 f5 13. exf5 exf5 14. Qe2 f4 15. Nd5 Kd8 16. Nb4 Rh6 17. 0-0 g4 18. f3 g3 19. h3 d5 20. a5 c6 21. Na3 Nf5 22. Bxf5 Bxf5 23. Nd3 Bd6 24. Qd2 Kc7 25. Rfe1 Rf8 26. Ne5 Re6 27. c4 Qe7 28. c5 Bxe5 29. Rxe5 Rxe5 30. Qxf4 Bxh3 31. Qxe5+ Qxe5 32. dxe5 Bf5 33. Nb1 Bxb1 34. Rxb1 Kd7 35. Kf1 Rf4 36. Ke2 Ke6 37. Kd3 Rb4 38. Rh1 h4 39. Kc3 Rc4+ 40. Kd3 Kxe5 41. b3 Rb4 42. Kc3 Rf4 43. Re1+ Kf6 44. Rh1 Rxf3+ 0-1

[Event "Fort Lauderdale 1000 GM GM 08"]
[Site "Fort Lauderdale"]
[Date "2023.08.05"]
[Round "7"]
[White "Arnaudov, Petar G"]
[Black "Heimann, Mark A"]
[Result "0-1"]
[WhiteElo "2438"]
[BlackElo "2440"]
[PlyCount "144"]
[EventDate "2023.08.02"]
[EventType "tourn"]
[EventRounds "9"]
[EventCountry "USA"]
[EventCategory "6"]
[SourceTitle "CBM 215 Extra"]
[Source "ChessBase"]
[SourceDate "2023.09.30"]
[SourceVersion "1"]
[SourceVersionDate "2023.09.30"]
[SourceQuality "1"]

1. d4 Nf6 2. Nf3 e6 3. Bg5 h6 4. Bh4 d6 5. c3 Nbd7 6. Nbd2 g5 7. Bg3 Nh5 8. e4 Bg7 9. Nc4 f5 10. exf5 exf5 11. h3 Nxg3 12. fxg3 Nf6 13. Nfd2 0-0 14. Be2 c6 15. 0-0 Qe7 16. Bd3 Ne4 17. Bxe4 fxe4 18. Rxf8+ Qxf8 19. Qh5 Be6 20. Rf1 Bf7 21. Qg4 Qe7 22. h4 Be6 23. Qh5 Rf8 24. Rxf8+ Kxf8 25. hxg5 hxg5 26. Qg6 d5 27. Ne3 Qf6 28. Qh5 Qh6 29. Qe2 Ke8 30. Ndf1 Bf8 31. Ng4 Qh8 32. Nfe3 Bd6 33. Nf1 Kd8 34. Nge3 Qh7 35. b4 Kc7 36. a4 Qf7 37. a5 Bc8 38. Qa2 Kb8 39. Qb3 Qc7 40. Kf2 Be6 41. Qd1 Bxg3+ 42. Kg1 Bf4 43. Qh5 b6 44. axb6 axb6 45. Qe8+ Qc8 46. Qg6 Qg8 47. Qf6 Bc7 48. Nc2 Kb7 49. Qe7 Bc8 50. b5 c5 51. Nfe3 Qd8 52. Qf7 Qd7 53. Qg8 Qxb5 54. Qxd5+ Qc6 55. Qxg5 cxd4 56. Nxd4 Qxc3 57. Qd5+ Kb8 58. Nc6+ Ka8 59. Kf2 Qb2+ 60. Kg1 Qc1+ 61. Kf2 Qb2+ 62. Kg1 Bg3 63. Ne7+ Bb7 64. Qg8+ Bb8 65. N7d5 Qc1+ 66. Kf2 Qd2+ 67. Kg1 Ka7 68. Qe6 Qd4 69. Kf2 Bh2 70. Qe7 Qb2+ 71. Kf1 Bg3 72. Qf6 Qc1+ 0-1

[Event "Fort Lauderdale 1000 GM GM 08"]
[Site "Fort Lauderdale"]
[Date "2023.08.04"]
[Round "5"]
[White "Arnaudov, Petar G"]
[Black "Schmakel, Sam A"]
[Result "0-1"]
[WhiteElo "2438"]
[BlackElo "2455"]
[PlyCount "54"]
[EventDate "2023.08.02"]
[EventType "tourn"]
[EventRounds "9"]
[EventCountry "USA"]
[EventCategory "6"]
[SourceTitle "CBM 215 Extra"]
[Source "ChessBase"]
[SourceDate "2023.09.30"]
[SourceVersion "1"]
[SourceVersionDate "2023.09.30"]
[SourceQuality "1"]

1. d4 Nf6 2. Nf3 g6 3. Bg5 Bg7 4. Nbd2 0-0 5. c3 d6 6. e4 c5 7. dxc5 dxc5 8. Be2 h6 9. Bh4 Nh5 10. 0-0 Nf4 11. Bc4 Nc6 12. Qc2 a6 13. a4 Rb8 14. Rfd1 b5 15. axb5 axb5 16. Nf1 Qc7 17. Be2 f5 18. exf5 Bxf5 19. Qd2 e5 20. Qe1 e4 21. N3d2 Ne5 22. Ng3 Nxe2+ 23. Nxe2 Nd3 24. Qf1 Nxb2 25. Rdb1 Nd3 26. Ra2 e3 27. fxe3 Be6 0-1

[Event "Titled Tuesday intern op 06th Jun Late"]
[Site "Chess.com INT"]
[Date "2023.06.06"]
[Round "3"]
[White "Arnaudov, Petar G"]
[Black "Pullela, Sricharan"]
[Result "1-0"]
[WhiteElo "2450"]
[BlackElo "1996"]
[PlyCount "69"]
[EventDate "2023.06.06"]
[EventType "swiss (blitz)"]
[EventRounds "11"]
[EventCountry "USA"]
[SourceTitle "EXT 2024"]
[Source "ChessBase"]
[SourceDate "2023.10.10"]
[SourceVersion "1"]
[SourceVersionDate "2023.10.10"]
[SourceQuality "1"]

1. Nf3 Nf6 2. c4 g6 3. Nc3 d6 4. e4 Bg7 5. d4 0-0 6. h3 e5 7. d5 a5 8. g4 Na6 9. Be3 Nd7 10. Rg1 Nac5 11. a3 a4 12. Nd2 Nb6 13. Qc2 Bd7 14. 0-0-0 c6 15. h4 cxd5 16. exd5 Kh8 17. h5 g5 18. h6 Bf6 19. Nde4 Nxe4 20. Qxe4 Be7 21. Qc2 Qc7 22. Bxb6 Qxb6 23. Bd3 Rac8 24. Kb1 Qb3 25. Rc1 Bd8 26. Qe2 f6 27. Ne4 Be7 28. Ng3 Be8 29. Nf5 Rc7 30. c5 dxc5 31. d6 Bxd6 32. Nxd6 Rd7 33. Bc4 Qb6 34. Nxe8 Rxe8 35. Bb5 1-0

[Event "BL2-Ost 2223"]
[Site "Germany"]
[Date "2023.02.25"]
[Round "7.5"]
[White "Arnaudov, Petar G"]
[Black "Kabatianski, Alexander"]
[Result "1/2-1/2"]
[WhiteElo "2472"]
[BlackElo "2359"]
[PlyCount "126"]
[EventDate "2022.10.22"]
[EventType "team-tourn"]
[EventRounds "10"]
[EventCountry "GER"]
[SourceTitle "EXT 2024"]
[Source "ChessBase"]
[SourceDate "2023.10.10"]
[SourceVersion "1"]
[SourceVersionDate "2023.10.10"]
[SourceQuality "1"]
[WhiteTeam "Goeggingen"]
[BlackTeam "Nuernberg NT"]
[WhiteTeamCountry "GER"]
[BlackTeamCountry "GER"]

1. Nf3 c5 2. c4 Nf6 3. Nc3 e6 4. d4 cxd4 5. Nxd4 Bb4 6. g3 Ne4 7. Qd3 Bxc3+ 8. bxc3 Nc5 9. Qe3 b6 10. Bg2 Bb7 11. Bxb7 Nxb7 12. Ba3 Nc6 13. Nb5 a6 14. Nd6+ Nxd6 15. Bxd6 Na5 16. c5 bxc5 17. Bxc5 d6 18. Rd1 Nb7 19. Bb4 Qc7 20. 0-0 0-0 21. Rd3 Rfc8 22. Qd2 Rd8 23. e4 a5 24. Ba3 Ra6 25. Rd1 Rc6 26. Kg2 h6 27. Qe3 Rc8 28. Qa7 Qb6 29. Qxb6 Rxb6 30. Bxd6 Nxd6 31. Rxd6 Rxd6 32. Rxd6 Rxc3 33. Rd2 g5 34. g4 Kf8 35. f3 Ke7 36. Kg3 Kf6 37. Rb2 Ra3 38. Re2 Ke5 39. Rd2 a4 40. h3 f6 41. Rb2 Kd4 42. Rb6 Rxa2 43. Rxe6 a3 44. Rxf6 Ra1 45. Ra6 Kc4 46. e5 Kb4 47. e6 Re1 48. Kf2 Re5 49. f4 gxf4 50. Kf3 Kb3 51. Kxf4 Re1 52. Kf5 a2 53. Kf6 a1Q+ 54. Rxa1 Rxa1 55. e7 Re1 56. Kf7 Rf1+ 57. Kg6 Re1 58. Kxh6 Re6+ 59. Kh5 Rxe7 60. g5 Re4 61. g6 Re3 62. Kg5 Rxh3 63. g7 Rg3+ 1/2-1/2

[Event "Robert Byrne Memorial GM"]
[Site "Naperville"]
[Date "2023.01.19"]
[Round "2"]
[White "Chen, Ryo"]
[Black "Arnaudov, Petar G"]
[Result "1/2-1/2"]
[WhiteElo "2393"]
[BlackElo "2452"]
[PlyCount "66"]
[EventDate "2023.01.18"]
[EventType "tourn"]
[EventRounds "9"]
[EventCountry "USA"]
[EventCategory "7"]
[SourceTitle "CBM 212 Extra"]
[Source "ChessBase"]
[SourceDate "2023.03.31"]
[SourceVersion "1"]
[SourceVersionDate "2023.03.31"]
[SourceQuality "1"]

1. e4 e5 2. Nf3 Nc6 3. Bb5 a6 4. Ba4 Nf6 5. 0-0 Be7 6. d3 b5 7. Bb3 0-0 8. c3 d6 9. a4 Bd7 10. Bc2 Re8 11. Nbd2 Bf8 12. Re1 Ne7 13. Nf1 h6 14. h3 Ng6 15. Ng3 d5 16. axb5 axb5 17. Rxa8 Qxa8 18. d4 dxe4 19. Nxe4 exd4 20. Nxf6+ gxf6 21. Rxe8 Qxe8 22. Nxd4 c5 23. Nf5 Bxf5 24. Bxf5 Qe5 25. Bc2 f5 26. g3 b4 27. Bd2 Qd5 28. Be3 Qxd1+ 29. Bxd1 bxc3 30. bxc3 f4 31. gxf4 Bd6 32. f5 Nf4 33. h4 Kg7 1/2-1/2

[Event "FRM-chT 30th"]
[Site "Struga"]
[Date "2022.10.17"]
[Round "4.3"]
[White "Arnaudov, Petar G"]
[Black "Bogdanovski, Pece"]
[Result "1-0"]
[WhiteElo "2472"]
[BlackElo "1918"]
[PlyCount "82"]
[EventDate "2022.10.14"]
[EventType "team-tourn"]
[EventRounds "7"]
[EventCountry "MKD"]
[SourceTitle "CBM 210 Extra"]
[Source "ChessBase"]
[SourceDate "2022.11.30"]
[SourceVersion "1"]
[SourceVersionDate "2022.11.30"]
[SourceQuality "1"]
[WhiteTeam "Skopje Gambit Asseko"]
[BlackTeam "Bitola Patako"]
[WhiteTeamCountry "MKD"]
[BlackTeamCountry "MKD"]

1. d4 Nf6 2. c4 g6 3. Nc3 Bg7 4. e4 d6 5. h3 0-0 6. Nf3 c5 7. d5 e6 8. Bd3 exd5 9. exd5 Re8+ 10. Be3 Bf5 11. Bxf5 gxf5 12. 0-0 Ne4 13. Ne2 Nd7 14. Nd2 Ne5 15. Nxe4 fxe4 16. Qc2 f5 17. Nf4 Qe7 18. Rae1 Kh8 19. b3 Rg8 20. Kh1 Bh6 21. Ne6 Qh4 22. Bxh6 Qxh6 23. Qc1 Qh4 24. Qc3 Qf6 25. f4 Nd7 26. Qxf6+ Nxf6 27. Kh2 Rg6 28. g3 Rag8 29. Rg1 h6 30. b4 cxb4 31. Nd4 Rc8 32. Rc1 e3 33. Nxf5 Re8 34. Rge1 Nd7 35. Rxe3 Rxe3 36. Nxe3 Nc5 37. Kg2 a5 38. Nf5 h5 39. Kf3 Rf6 40. g4 hxg4+ 41. hxg4 a4 1-0

[Event "Novi Sad Serbia op-A"]
[Site "Novi Sad"]
[Date "2022.07.04"]
[Round "7"]
[White "Arnaudov, Petar G"]
[Black "Adhiban, Baskaran"]
[Result "1/2-1/2"]
[WhiteElo "2462"]
[BlackElo "2598"]
[PlyCount "96"]
[EventDate "2022.06.28"]
[EventType "swiss"]
[EventRounds "9"]
[EventCountry "SRB"]
[SourceTitle "EXT 2023"]
[Source "ChessBase"]
[SourceDate "2022.10.05"]
[SourceVersion "1"]
[SourceVersionDate "2022.10.05"]
[SourceQuality "1"]

1. d4 Nf6 2. Nf3 g6 3. Bg5 Bg7 4. Nbd2 0-0 5. c3 h6 6. Bh4 d6 7. e4 Qe8 8. Be2 Nh5 9. 0-0 Nf4 10. Bc4 e5 11. dxe5 dxe5 12. Re1 Nd7 13. Qc2 Nb6 14. Bf1 a5 15. a4 Kh8 16. Nc4 Nxc4 17. Bxc4 Bd7 18. Nd2 Ne6 19. f3 Nc5 20. b3 c6 21. Bf1 Be6 22. b4 Nd7 23. Nc4 axb4 24. cxb4 Qb8 25. Red1 b5 26. axb5 Rxa1 27. Rxa1 Qxb5 28. Rb1 Qb8 29. Be7 Rc8 30. Bd6 Qa7+ 31. Qf2 Qd4 32. Qxd4 exd4 33. f4 g5 34. g3 gxf4 35. gxf4 Rg8 36. Kf2 Nf6 37. Nd2 Ng4+ 38. Ke2 d3+ 39. Ke1 Nxh2 40. f5 Nxf1 41. fxe6 Nxd2 42. Kxd2 fxe6 43. Rc1 Bf8 44. Rxc6 Bxd6 45. Rxd6 Rb8 46. Kc3 Kg7 47. Rxe6 Rd8 48. Kd2 Rb8 1/2-1/2

[Event "Novi Sad Serbia op-A"]
[Site "Novi Sad"]
[Date "2022.07.03"]
[Round "6"]
[White "Spasic, Petar"]
[Black "Arnaudov, Petar G"]
[Result "0-1"]
[WhiteElo "2336"]
[BlackElo "2462"]
[PlyCount "80"]
[EventDate "2022.06.28"]
[EventType "swiss"]
[EventRounds "9"]
[EventCountry "SRB"]
[SourceTitle "EXT 2023"]
[Source "ChessBase"]
[SourceDate "2022.10.05"]
[SourceVersion "1"]
[SourceVersionDate "2022.10.05"]
[SourceQuality "1"]

1. c4 e6 2. Nf3 d5 3. e3 Nf6 4. b3 c5 5. Bb2 Nc6 6. cxd5 exd5 7. Be2 Bd6 8. d4 0-0 9. dxc5 Bxc5 10. 0-0 a6 11. Nc3 Ba7 12. Qc2 Qe7 13. Rad1 Rd8 14. Qb1 Bg4 15. Nh4 d4 16. exd4 Bxe2 17. Nf5 Qe6 18. Nxg7 Kxg7 19. d5 Qg4 20. Nxe2 Qxe2 21. Qa1 Nd4 22. Bxd4 Bxd4 23. Rxd4 Re8 24. h3 Qe5 25. d6 Rad8 26. Rfd1 Rd7 27. f4 Qe3+ 28. Kh2 Re6 29. R1d3 Qf2 30. Qc3 Rexd6 31. Rxd6 Rxd6 32. Rg3+ Kf8 33. Qc8+ Ne8 34. Rf3 Qb6 35. Qc3 Qd4 36. Qc8 b5 37. Qc2 h6 38. Qh7 Rg6 39. f5 Qe5+ 40. Kg1 Rd6 0-1

[Event "Bundesliga 2122"]
[Site "Germany"]
[Date "2022.05.01"]
[Round "6.1"]
[White "Arnaudov, Petar G"]
[Black "Saric, Ivan"]
[Result "0-1"]
[WhiteElo "2469"]
[BlackElo "2687"]
[PlyCount "50"]
[EventDate "2022.03.05"]
[EventType "team-tourn"]
[EventRounds "15"]
[EventCountry "GER"]
[SourceTitle "EXT 2023"]
[Source "ChessBase"]
[SourceDate "2022.10.05"]
[SourceVersion "1"]
[SourceVersionDate "2022.10.05"]
[SourceQuality "1"]
[WhiteTeam "Augsburg"]
[BlackTeam "Muenchen 36"]
[WhiteTeamCountry "GER"]
[BlackTeamCountry "GER"]

1. d4 d6 2. Nf3 Nf6 3. c3 g6 4. Bg5 Nbd7 5. Nbd2 h6 6. Bh4 Bg7 7. e4 g5 8. Bg3 Nh5 9. Nc4 Ndf6 10. e5 Nd5 11. Qb3 c6 12. exd6 Nxg3 13. hxg3 exd6 14. 0-0-0 0-0 15. Bd3 b5 16. Ncd2 Rb8 17. Bb1 f5 18. Rde1 Bd7 19. Qc2 Qf6 20. Qd3 a5 21. g4 b4 22. gxf5 bxc3 23. bxc3 Nf4 24. Qc4+ d5 25. Qc5 Bxf5 0-1

[Event "Bundesliga 1920"]
[Site "Germany"]
[Date "2021.10.14"]
[Round "10.1"]
[White "Arnaudov, Petar G"]
[Black "Reuker, Jari"]
[Result "1-0"]
[WhiteElo "2478"]
[BlackElo "2379"]
[PlyCount "61"]
[EventDate "2019.11.23"]
[EventType "team-tourn"]
[EventRounds "15"]
[EventCountry "GER"]
[SourceTitle "CBM 204 Extra"]
[Source "ChessBase"]
[SourceDate "2021.11.30"]
[SourceVersion "1"]
[SourceVersionDate "2021.11.30"]
[SourceQuality "1"]
[WhiteTeam "Augsburg"]
[BlackTeam "Werder Bremen"]
[WhiteTeamCountry "GER"]
[BlackTeamCountry "GER"]

1. Nf3 Nf6 2. c4 g6 3. Nc3 Bg7 4. e4 d6 5. d4 0-0 6. h3 e5 7. d5 a5 8. g4 Na6 9. Be3 Nc5 10. Nd2 c6 11. Be2 a4 12. a3 Qa5 13. Kf1 Rb8 14. g5 Nfd7 15. h4 cxd5 16. Nxd5 Re8 17. h5 Ne6 18. Bg4 Nd4 19. Nf3 Nb3 20. hxg6 hxg6 21. Bxd7 Bxd7 22. Nf6+ Bxf6 23. gxf6 Qd8 24. Bg5 Bg4 25. Rh4 Qc8 26. Kg2 Nxa1 27. Bh6 Nb3 28. Bg7 Bh5 29. Ng5 Qxc4 30. Qxh5 gxh5 31. Rxh5 1-0